Report of the Gujarat Taxation Enquiry Commission, 1980 (Record no. 489368)

000 -LEADER
fixed length control field 00412cam a22001337a 4500
008 - FIXED-LENGTH DATA ELEMENTS--GENERAL INFORMATION
fixed length control field 180718b1980 xxu||||| |||| 00| 0 eng d
082 ## - DEWEY DECIMAL CLASSIFICATION NUMBER
Classification number L2x5441 G949
100 ## - MAIN ENTRY--PERSONAL NAME
Personal name Gujarat. Taxation Enquiry Commission
245 ## - TITLE STATEMENT
Title Report of the Gujarat Taxation Enquiry Commission, 1980
260 ## - PUBLICATION, DISTRIBUTION, ETC.
Place of publication, distribution, etc. Ahmedabad
Name of publisher, distributor, etc. The author
Date of publication, distribution, etc. 1980
300 ## - PHYSICAL DESCRIPTION
Extent 373+p.
500 ## - GENERAL NOTE
General note Chairman: R.J. Chelliah
700 ## - ADDED ENTRY--PERSONAL NAME
Personal name Chelliah, R.J. (Chairman)
Holdings
Withdrawn status Lost status Damaged status Not for loan Permanent Location Current Location Date acquired Full call number Barcode Date last seen Price effective from Koha item type
        Indian Institute of Public Administration Indian Institute of Public Administration 2018-08-04 L2x5441 G949 G15256 2018-08-04 2018-08-04 G

Powered by Koha